| 000 | 00533nam a2200217Ia 4500 | ||
|---|---|---|---|
| 003 | OSt | ||
| 005 | 20220918173902.0 | ||
| 006 | a|||||r|||| 00| 0 | ||
| 007 | ta | ||
| 008 | 220917b |||||||| |||| 00| 0 eng d | ||
| 024 | _a8,928 | ||
| 037 | _cTextual | ||
| 040 |
_aARTS _cARTS _beng |
||
| 041 |
_2eng _aeng |
||
| 082 | _a9053, L1 | ||
| 100 |
_aFlower J E ed _948113 |
||
| 245 | 0 |
_aFrance today _b Introductory studies |
|
| 260 | _c1972 | ||
| 942 |
_h9053, L1 _cTEXL _2CC |
||
| 999 |
_c150672 _d150672 |
||